Proyecto de Montepío como medio de unión de las clases médica y farmaceútica españolas (Record no. 62917)

MARC details
000 -LEADER
campo de control de longitud fija 00615nam a2200157 i 4500
001 - NÚMERO DE CONTROL
campo de control 62917
003 - IDENTIFICADOR DE NÚMERO DE CONTROL
campo de control ES-MaACL
005 - FECHA Y HORA DE LA ÚLTIMA TRANSACCIÓN
campo de control 20230906164742.0
007 - CAMPO FIJO DE DESCRIPCIÓN FÍSICA--INFORMACIÓN GENERAL
campo de control de longitud fija t|
008 - DATOS DE LONGITUD FIJA--INFORMACIÓN GENERAL
campo de control de longitud fija 031126s1918 sp ||||1| spa d
100 1# - ENTRADA PRINCIPAL--NOMBRE DE PERSONA
Nombre de persona Fernández Criado, Miguel.
9 (RLIN) 49604
245 10 - MENCIÓN DEL TÍTULO
Título Proyecto de Montepío como medio de unión de las clases médica y farmaceútica españolas
Resto del título : proposición dirigida al Colegio de Médicos de Madrid, publicada en "La Medicina Ibera" /
Mención de responsabilidad, etc. Miguel Fernández Criado.
260 ## - PUBLICACIÓN, DISTRIBUCIÓN, ETC.
Lugar de publicación, distribución, etc. Madrid :
Nombre del editor, distribuidor, etc. [s.n.,
Fecha de publicación, distribución, etc. ] 1918 (
Fabricante Est. Tip. de Antonio Marzo)
300 ## - DESCRIPCIÓN FÍSICA
Extensión 31 p. ;
Dimensiones 18 cm.
852 ## - LOCALIZACIÓN
Ubicación ES-MaACL
Número de control de estantería 1489-F-17
Holdings
Estatus retirado Estado de pérdida Estado de daño No para préstamo Colección Biblioteca de origen Biblioteca actual Ubicación en estantería Fecha de adquisición Fuente de adquisición Total de préstamos Signatura topográfica completa Código de barras Visto por última vez Precio de reemplazo Tipo de ítem Koha
        Colección de folletos Biblioteca del Ateneo de Madrid Biblioteca del Ateneo de Madrid Depósito folletos 17/01/2008     1489-F-17 1065958 23/02/2023 23/02/2023 Folleto